| 000 | 00467nam a22001457a 4500 | ||
|---|---|---|---|
| 008 | 090503t xxu||||| |||| 00| 0 eng d | ||
| 020 | _a781844806393 | ||
| 082 |
_222 _a004.65 _bCOM |
||
| 245 |
_aComputer systems and networks / _c Barry G. Blundell with Nawaz Khan ... [et al.]. |
||
| 260 |
_aLondon : _bThomson Learning, _c2007 |
||
| 300 |
_a[xiii], 314 p. : _bill. ; _c25 cm. |
||
| 500 | _aIncludes index. | ||
| 650 |
_91660 _aComputer networks. |
||
| 942 |
_2ddc _cBB |
||
| 999 |
_c11484 _d11484 |
||